Statistics for Countries that contain the letter Y

Click here to take the quiz!

General Stats

  • This quiz has been taken 66 times
    (36 since last reset)
  • The average score is 18 of 20

Answer Stats

ContinentHintCountry% Correct
Asia1st letterYemen
100%
Asia2nd letterMyanmar
97%
Asia2nd letterSyria
97%
Asia6th letterTurkey
97%
South America3rd letterGuyana
93%
Europe5th letterItaly
93%
Europe6th letterNorway
93%
South America8th letterParaguay
93%
South America7th letterUruguay
93%
Africa3rd letterEgypt
90%
Europe7th letterHungary
90%
Asia2nd and 5thKyrgyzstan
90%
Africa4th letterLibya
90%
Asia5th letterMalaysia
90%
Asia / Europe2nd letterCyprus
87%
Europe7th letterGermany
87%
Europe11th letter (It is a 2 word country)Vatican city
87%
Africa4th letterKenya
83%
Africa5th letterIvory Coast
80%
Africa3rd letterSeychelles
80%

Score Distribution

Percentile by Number Answered

Percent of People with Each Score

Your Score History

You have not taken this quiz since the last reset